000 00543nam a2200145 i 4500
001 36952
003 ES-MaACL
007 t|
008 030219s1942 ag ||||1| spa d
100 1 _aBrunet Jeansalle, Adolfo.
_932169
245 1 0 _aSulfamidoterapia
_b: (quimioterapia por las sulfamidas) : estudio farmacológico y sus aplicaciones en cínica y cirugía /
_cAdolfo Brunet Jeansalle.
260 _aBuenos Aires :
_bEl Ateneo,
_c[1942] (
_fTalls. Gráfs. de Proventas)
300 _aXVII, 152 p. ;
_c27 cm.
852 _aES-MaACL
_jE-5
_bR.21311
999 _c36952
_d36952